Guess the Movie by Drawings of Actors #2 - Statistics

General Stats
  • This quiz has been taken 78 times
  • The average score is 13 of 20
Answer Stats
Picture Answer % Correct
Star Wars: Episode I
89%
The Mask
89%
Forrest Gump
86%
Men in Black
81%
Black Swan
79%
Thor
79%
Ace Ventura: Pet Detective
77%
Batman Forever
73%
Cast Away
73%
Dumb and Dumber
73%
Fight Club
71%
Bad Boys
66%
Mr. & Mrs. Smith
66%
V for Vendetta
56%
Troy
51%
Apollo 13
47%
Turner & Hooch
37%
Wild Wild West
34%
Hancock
20%
Moneyball
19%
No matching quizzes found
Score Distribution
Percent of People with Each Score
Percentile by Number Answered
Your Score History
You have not taken this quiz